| 000 | 00630nam a2200217 a 4500 | ||
|---|---|---|---|
| 001 | BRL_1296 | ||
| 005 | 20190320211131.0 | ||
| 008 | 020114t1953----gw-obe####---#000-0#ger-# | ||
| 041 | _ager | ||
| 044 | _agw | ||
| 050 | 4 |
_aDS99.M3 _b.P37 1953 |
|
| 100 | 1 |
_aParrot, André _926417 |
|
| 245 | 1 | 0 |
_aMari _cText: André Parrot ; Bildmaterial: Archäologische Grabungs-Expedition von Mari. |
| 260 |
_aMünchen _bHanns Reich _c1953 |
||
| 300 |
_a[4] p. _bil., 132 láminas, mapas, planos _c28 cm. |
||
| 440 | 0 |
_aTerra Magica Bildband _926418 |
|
| 500 | _aAu1528 | ||
| 651 | 4 |
_aMari (Siria) _926419 |
|
| 902 | _aGRL | ||
| 942 |
_2lcc _cB |
||
| 999 |
_c10108 _d10108 |
||